Fuzzy logic with engineering applications

Na minha lista:
Detalhes bibliográficos
Autor principal: Ross, Timothy J.
Formato: Livro
Idioma:Undetermined
Publicado em: New York McGraw- Hill 1997
Assuntos:
Tags: Adicionar Tag
Sem tags, seja o primeiro a adicionar uma tag!
Thư viện lưu trữ: Trung tâm Học liệu Trường Đại học Cần Thơ
LEADER 00501nam a2200181Ia 4500
001 CTU_75098
008 210402s9999 xx 000 0 und d
082 |a 620.0015113 
082 |b R824 
100 |a Ross, Timothy J. 
245 0 |a Fuzzy logic with engineering applications 
245 0 |c Timothy J. Ross 
260 |a New York 
260 |b McGraw- Hill 
260 |c 1997 
650 |a Engineering mathematics 
904 |a Trọng Hải 
980 |a Trung tâm Học liệu Trường Đại học Cần Thơ